00505nam a2200157Ia 45000010006000000050017000060080041000230410008000640820019000721000046000912450178001372600009003153000007003246500008003316540008003392004620260306172737.0260306t2012||||xx |||||||||||||| ||spa|| aESP a342.211bCH533 aChávez-Fernández Postigo, JoséeAUT 0aLa dignidad como fundamento de los derechos humanos en las sentencias del Tribunal Constitucional Peruano:bla tensión entre la mera autonomía y la libertad ontológica c2012 ac aGEN aCDE